00720nam a22001817a 450000500170000001000150001702000260003203500130005803700130007108200160008410000190010024502170011925000110033626000420034727001030038930000270049250000190051920140318150242.0 aENG-109453 c475.00a9789350351802 aEN-92986 bDBAD/PUB a343.5409944 aYatindra Singh00aCyber laws :cby Yatindra Singhba guide to cyber laws, information technology, computer software intellectual property rights, e-commerce, taxation, privacy, etc. along with policies, guidelines and agreements / a5th ed aDelhibUniversal Law Publishingc2012 aC-FF-1A, Dilkhush Industrial Estate, (Near Azadpur Metro Station) G.T. Karnal Road,bDelhie110033 axxxix,435p.c25cm(pbk) aIncludes index